logo

Bir Sreshtho Munshi Abdur Rouf Library
Jhenaidah Cadet College

English Collocationing Use/ (Record no. 109)

MARC details
000 -LEADER
fixed length control field 00552nam a2200229 a 4500
001 - CONTROL NUMBER
JCCL Control Number 109
003 - CONTROL NUMBER IDENTIFIER
JCCL marc code BD-JhCC
005 - DATE AND TIME OF LATEST TRANSACTION
control field 20170928162234.0
008 - FIXED-LENGTH DATA ELEMENTS--GENERAL INFORMATION
fixed length control field 170928b
035 ## - SYSTEM CONTROL NUMBER
system control number (BD-JhCC)109
040 ## - CATALOGING SOURCE
Original cataloging agency BD-JhCC
Modifying agency BD-JhCC
041 ## - LANGUAGE CODE
Language code of Book eng
082 ## - DEWEY DECIMAL CLASSIFICATION NUMBER
Classification number 420
Author mark and Year MIC 2010
100 ## - MAIN ENTRY--PERSONAL NAME
Personal name Mccarthy, Michael
245 ## - TITLE STATEMENT
Title English Collocationing Use/
Statement of responsibility, etc Michael Mccarthy
260 ## - PUBLICATION, DISTRIBUTION, ETC. (IMPRINT)
Place of publication, distribution, etc Noida:
Name of publisher, distributor, etc Gopsons papers Ltd,
Date of publication, distribution, etc 2010
300 ## - PHYSICAL DESCRIPTION
Pagination 190 p.:
Other physical details include illustrations
Dimensions 26 cm.
650 ## - SUBJECT ADDED ENTRY--TOPICAL TERM
Topical term or geographic name as entry element English Literature
651 ## - SUBJECT ADDED ENTRY--GEOGRAPHIC NAME
Geographic name India
942 ## - ADDED ENTRY ELEMENTS (KOHA)
Source of classification or shelving scheme Dewey Decimal Classification
Koha item type Books
Holdings
Source of classification or shelving scheme Damaged status Not for loan Home library Current library Shelving location Date of accession Total Checkouts Full call number Barcode Date last seen Copy number Koha item type
Dewey Decimal Classification     JCC Rouf Library JCC Rouf Library General Stacks 09/28/2017   420 MIC 2010 1110 09/28/2017 C-1 Books

JCC Library | Contacts | JCC Home

Last Update on 23 September 2017
Copyright @ 2017-2020 JCC Rouf Library
Rouf Library, Jhenidah Cadet College (JCC), Bangladesh